|
|
|
|
| LEADER |
01841cas a2200253 a 4500 |
| 001 |
AALejournalIMF005749 |
| 008 |
230101c9999 xx r poo 0 0eng d |
| 020 |
|
|
|c 5.00 USD
|
| 020 |
|
|
|z 9781451872378
|
| 022 |
|
|
|a 1018-5941
|
| 040 |
|
|
|a BD-DhAAL
|c BD-DhAAL
|
| 100 |
1 |
|
|a Roache, Shaun.
|
| 245 |
1 |
0 |
|a Inflation Hedging for Long-Term Investors /
|c Shaun Roache, Alexander Attie.
|
| 264 |
|
1 |
|a Washington, D.C. :
|b International Monetary Fund,
|c 2009.
|
| 300 |
|
|
|a 1 online resource (37 pages)
|
| 490 |
1 |
|
|a IMF Working Papers
|
| 500 |
|
|
|a <strong>Off-Campus Access:</strong> No User ID or Password Required
|
| 500 |
|
|
|a <strong>On-Campus Access:</strong> No User ID or Password Required
|
| 506 |
|
|
|a Electronic access restricted to authorized BRAC University faculty, staff and students
|
| 520 |
3 |
|
|a Long-term investors face a common problem-how to maintain the purchasing power of their assets over time and achieve a level of real returns consistent with their investment objectives. While inflation-linked bonds and derivatives have been developed to hedge the effects of inflation, their limited supply and liquidity lead many investors to continue to rely on the indirect hedging properties of traditional asset classes. In this paper, we assess these properties over different time horizons, in the context of a diversified portfolio. Using a vector error correction model, we find that effective short-run hedges, such as commodities, may not work over longer horizons and that tactical asset allocation could enhance investment returns following inflation surprises.
|
| 538 |
|
|
|a Mode of access: Internet
|
| 700 |
1 |
|
|a Attie, Alexander.
|
| 830 |
|
0 |
|a IMF Working Papers; Working Paper ;
|v No. 2009/090
|
| 856 |
4 |
0 |
|z Full text available on IMF
|u http://elibrary.imf.org/view/journals/001/2009/090/001.2009.issue-090-en.xml
|z IMF e-Library
|